Представление документа в формате RUSMARC

ПолеНазваниеЗначение
  Тип записи a
  Библиографический уровень a
001 Контрольный номер RU/CBS_UL/BASE/60ffee04ccd645adaebb379edf2f99ce
005 Дата корректировки 20260325151316.4
100 Данные общей обработки __
a Данные общей обработки 20260325 ||| 0rusy0189 ca
101 Язык документа 0_
a Язык текста rus
102 Страна публикации __
a Страна публикации RU
200 Заглавие и сведения об ответственности 1_
a Заглавие Актёр одной воли
e Сведения, относящиеся к заглавию [об актёре А. Булдакове, который пережил неудачи, нищету и безвестность, но дождался своего звёздного часа]
f Первые сведения об ответственности М. Позднякова
300 Общие примечания __
a Общие примечания Содерж. : Одиссея Алексея Булдакова
300 Общие примечания __
a Общие примечания 16+
461 Уровень набора _0
1 2000
a Аргументы и факты
463 Уровень физической единицы _0
1 2000
a № 12 (25-31 марта)
v С. 20 : фот.
1 2101
d 2026
1 001RU/CBS_UL/BASE/665483c3211c49ccaf0eba7edab0b915
600 Персоналии _1
a Персоналии (Фамилия) Булдаков
b Персоналии (Имя, инициалы) А.И.
606 Тематические рубрики 0_
a Основная рубрика Булдаков, Алексей Иванович (1951)
610 Ключевые слова 0_
a Ключевые слова актёры, актёры российские, киноактёры, российские киноактёры
686 Индексы других классификаций __
2 Код системы rubbk
a Классификационный индекс 85.374(2)
700 Автор _1
a Фамилия Позднякова
b Имя (инициалы) М.
801 Источник записи _0
a Страна RU
b Организация МБУК ЦБС г. Ульяновска
c Дата составления 20260325
g Правила каталогизации RCR
801 Источник записи _1
a Страна RU
b Организация МБУК ЦБС г. Ульяновска
c Дата составления 20260325
g Правила каталогизации RCR
901 Тип документа __
t Тип документа f
w Контрольный № источника RU/CBS_UL/BASE/665483c3211c49ccaf0eba7edab0b915
909 Создатель записи __
a Создатель записи lib1